000 00526cam a22001934a 4500
005 20250605164155.0
008 250528s ||||||||||||||||||||||||d
035 _a19540
020 _a9607344020
040 _aGR-AtMCL
_bgre
_dGR-AtMCL
_eAACR2
245 1 _aΕΠΙΧΕΙΡΗΣΙΑΚΕΣ ΕΠΙΚΟΙΝΩΝΙΕΣ
250 _a1
260 _bΣυγχρονη Εκδοτικη,
_c1992
300 _a238
700 1 _aΚοντης Θεμιστοκλης Ι
_95764
942 _cBK
999 _c4796
_d4796